Principles of management in export.
| Main Author: | |
|---|---|
| Format: | Book |
| Published: |
Oxford:
Blackwell,
1994.
|
| Series: | Principles of export guidebooks
|
| Subjects: |
| LEADER | 00466cam a2200169 7i4500 | ||
|---|---|---|---|
| 001 | 0000004552 | ||
| 005 | 19991025090000.0 | ||
| 002 | ##000006053 | ||
| 020 | 0 | 0 | |a 0-631-19194-1 |
| 090 | 0 | 0 | |a B 658.848 |b CON |
| 100 | 1 | 0 | |a Conlan |
| 245 | 1 | 0 | |a Principles of management in export. |
| 260 | 0 | 0 | |a Oxford: |b Blackwell, |c 1994. |
| 300 | 0 | 0 | |a 325p.. |
| 440 | 0 | 0 | |a Principles of export guidebooks |
| 650 | 0 | 0 | |a Export management |
| 999 | |a 0000007341 |b Book |c Open shelf |e Business Information Centre | ||


